000 00674nam a2200241Ia 4500
003 OSt
005 20221005113619.0
006 a|||||r|||| 00| 0
007 ta
008 221004b |||||||| |||| 00| 0 ben d
024 _a71108
037 _cTextual
040 _aCRL
_cCRL
_bben
041 _2ben
_aben
082 _aO157,3M76,AS, 168N7
100 _aChattopadhyay Sharat Chandra Au.
_9624628
245 0 _aAakhri sawal
260 _c1997
650 _aBENGALI FICTION
700 _a Rizvi Anwar Tr.
_9624629
942 _hO157,3M76,AS, 168N7
_cTEXL
_2cc
999 _c1028747
_d1028747